| 000 -LEADER |
| fixed length control field |
00309nam a22001097a 4500 |
| 008 - FIXED-LENGTH DATA ELEMENTS--GENERAL INFORMATION |
| fixed length control field |
170104b xxu||||| |||| 00| 0 eng d |
| 020 ## - INTERNATIONAL STANDARD BOOK NUMBER |
| International Standard Book Number |
9780826114471 |
| 041 ## - LANGUAGE CODE |
| Language code of text/sound track or separate title |
eng |
| 080 ## - UNIVERSAL DECIMAL CLASSIFICATION NUMBER |
| Edition identifier |
5th ed. |
| Universal Decimal Classification number |
618.2 |
| 245 ## - TITLE STATEMENT |
| Title |
Complementary Alternative Therapies in Nursing |
| Statement of responsibility, etc |
Snyder, M & Lindquist, R |
| 942 ## - ADDED ENTRY ELEMENTS (KOHA) |
| Source of classification or shelving scheme |
|
| Item type |
Books |
| Edition |
5th ed. |